ნორმალური ფორმატი
MARC ფორმატი
ჩანაწერი Corporate Name
ჩანაწერთა რაოდენობა, რომელიც გამოყენებულია: 1
001 - CONTROL NUMBER
- control field: 14017
003 - CONTROL NUMBER IDENTIFIER
- control field: GE_BSU
005 - DATE AND TIME OF LATEST TRANSACTION
- control field: 20220608130530.0
008 - FIXED-LENGTH DATA ELEMENTS
- fixed length control field: 220608|| aca||aabn | a|a d
040 ## - CATALOGING SOURCE
- Original cataloging agency: GE_BSU
- Transcribing agency: GE_BSU
110 ## - HEADING--CORPORATE NAME
- Corporate name or jurisdiction name as entry element: ბათუმის შოთა რუსთაველის სახელმწიფო უნივერსიტეტი.
- Subordinate unit: ჰუმანიტარულ მეცნიერებათა ფაკულტეტი ისტორიის, არქეოლოგიისა და ეთნოლოგიის დეპარტამენტი.
670 ## - SOURCE DATA FOUND
- Source citation: Work cat.: (GE_BSU): მაკარაძე, ბექა 14016, "თურქეთის რესპუბლიკისა და ამერიკის შეერთებული შტატების ურთიერთობები ''ცივი ომის'' შემდგომ პერიოდში (2002-2020 წწ.)'' :
